03572nam a22002297a 4500003000800000008004100008037002100049040002600070041000800096080001500104100003100119245035400150260007000504300002200574500010700596520241400703650006003117650006003177655002103237700003103258710005303289BI-BuBU140613t2013 bd ||||dr|||| 000 0 fre d bDon de l' auteur aBI-BuBUbfrecBI-BuBU0 afre a616.036.881 4autaNiyongabo, Jérôme10aEtude de la morbidité et de la mortalité dans le service de pédiatrie de deux hôpitaux de la province Makambabcas de l' hôpital de district de Makamba et de l' hôpital de district de nyanza-Lac. étude rétrospective sur 2 ans: du 1er juin 2010 au 31 mai 2012 à propos de 7731cJérôme Niyongabo ; Jacques Ndikubagenzi, directeur aBujumburabUniversité du Burundi, Faculté de Médecinec2013 aXV-107 f.c30 cm. aThèse présenté et soutenue publiquement en vue de l' obtention du grade de Docteur en Médecine aNotre étude rétrospective a porté sur l' aspect épidémiologique de la morbi-mortalité de 7731 enfants de 0 à 15 ans dont 716 nouveau-nés et 7015 enfants, hospitalisés dans le service de pédiatrie de l' hôpital de Makamba et Nyanza-Lac dui 1er juin 2010 au 31 mai 2012 Par ordre décroissant, les principales causes de morbidité chez les nouveau-nés sont l' infection néonatale (74, 16%), la souffrance foetale aiguë (19,41% et la prématurité (4,33%). chez les enfants de 29 jours à 12 mois, le paludisme ( 42,08% , la gastro-entérite aiguë (33,08%), la pneumopathie (11,50%),la malnutrition protéino- calorique (3,41% sont les quatre principales causes d' admission. Chez les enfants de 13 à 59 mois, le paludisme (70,89%), la gastro-enterite aiguë (9, 94%),la malnutrition protéino-calorique (9,89%), la pneumopathie (6,75%), sont les quatre principales causes d' admission. Les moins de 5 ans représentent 92, 83 % des admissions. Chez les enfants de 5 à 15 ans, le paludisme (58,30%), la malnutrition protéino-calorique et gastro-entérite aiguë (8,66%), la pneumopathie (6,14% sont les principales causes d' admission. la mortalité globale est de 3, 13% Chez les nouveau-nés, l' infection néonatale (59,5 %) la souffrance foetale aiguë (26, 53%) et la prématurité sont les principales causes de décès. Chez les enfants de 29 jours à 12 mois, le paludisme (48,86%), la gastro-entérite aiguë (34,71%), la pneumopathie (13,64%), la malnutrition protéino-calorique (9, 09%) sont les quatre principales causes de décès. Chez les enfants de 13 à 59 mois, les principales causes de décès sont représentées par lepaludisme (72,84%), la pneumopathie (8,64%), la malnutrition protéino-calorique ( 7, 407%) et la gastro-entérite ( 4, 94%). Les moins de 5 ans représentent 90, 08% des décès. Chez les enfants de 5 à 15 ans le paludisme vient en tête parmi les causes de décès avec 53,33% des cas,suivi de la malnutrition protéino-calorique (13,33% et la pneumopathie (6,67%). Les maladies les plus létales sont l'oedème aigu du poumon (100%), la prématurité (22,58), la broncho-pneumopathie (6,67% et l' épilepsie avec 6,67%. Au niveau global, le paludisme représente 48,35% des causes de décès. Les abandons de traitement et les évadés représentent 1,45% des hospitalisés.  72BI-BuBUaMorbiditéxPédiatriezHôpital de Makamba 72BI-BuBUaMortalitéxPédiatriezHôpital de Makamba 72BI-BuBUaThèse1 4drtaNdikubagenzi, Jacques aUniversité du BurundibFaculté de Médecine